Представление документа в формате MARC21

Поле Инд. ПП Название Значение
Тип записи a
Библиографический уровень m
001 Контрольный номер abe2ce50-c3f8-49ec-bfd3-c262d855419d
005 Дата корректировки 20131112074722.4
008 Кодируемые данные 011108
020 a ISBN 5-7511-1154-0
c Цена, тираж 22.50
041 a Код языка текста rus
080 a Индекс УДК 316.334.22
084 a Индекс другой классификации/Индекс ББК С550.44
090 x Авторский знак Л33
a Полочн. индекс С550.4
100 1_ a Автор Лебедев Владимир Максимович
242 _0 a Перевод заглавия Acrybology
245 00 a Заглавие Акрибология (общая часть)
c Ответственность В. М. Лебедев; Том. гос. ун-т
260 0_ a Место издания Томск
b Издательство Томский гос. ун-т
c Дата издания 2000
300 a Объем 112,[2] с.
583 a Действие Получение впервые 612 06.11.2001
k Исполнитель действия Обмен
650 a Основная рубрика Акрибология
650 a Основная рубрика Трудовое поведение
x Основная подрубрика Формирование
650 a Основная рубрика Наемный работник
x Основная подрубрика Отношение к труду
x Основная подрубрика Формирование работодателем
650 a Основная рубрика Труд
x Основная подрубрика Социология
x Основная подрубрика Экономика
x Основная подрубрика Управление
x Основная подрубрика Психология
x Основная подрубрика Право
653 a Ключевые слова Акрибология
a Ключевые слова Отношение к труду
a Ключевые слова Трудовое поведение
a Ключевые слова Работодатель
a Ключевые слова Наемный работник
a Ключевые слова Добросовестный исполнтитель
a Ключевые слова Производственный коллектив
a Ключевые слова Формирование работника работодателем
a Ключевые слова Трудовой коллектив
a Ключевые слова Социология труда
a Ключевые слова Психология труда
a Ключевые слова Управление персоналом
a Ключевые слова Трудовое право
a Ключевые слова Социальные нормы
a Ключевые слова Нормотворчество
852 t Порядковый номер экземпляра 1
p Инвентарный номер 737753
888 a Бесплатные
952 p 612.2001 22.50 1 737753
c Вид литературы К рн
954 a Дата поступления на обработку 20011130
999 a Подразделение 2 Фил1